Portmanteaus #3 - Statistics

General Stats
  • This quiz has been taken 23 times
  • The average score is 17 of 32
Answer Stats
Hint Answer % Correct
Webinar Web
91%
Dumbfounded Dumb
87%
Bionic Electronic
87%
Cockapoo Poodle
87%
Labradoodle Poodle
87%
Maltipoo Poodle
87%
Cockapoo Cocker Spaniel
83%
Webinar Seminar
83%
Fortnight Night
74%
Shepherd Sheep
74%
Intercom Communication
65%
Labradoodle Labrador
65%
Bionic Biology
61%
Maltipoo Maltese
61%
Animatronics Animation
57%
Cronut Doughnut
57%
Animatronics Electronics
57%
Shepherd Herder
57%
Cronut Croissant
52%
Dumbfounded Confounded
43%
Fortnight Fourteen
39%
Squander Wander
39%
Flare Glare
30%
Stash Store
30%
Intercom Internal
26%
Bit Binary
22%
Stash Cache
22%
Modem Demodulator
22%
Modem Modulator
22%
Bit Digit
17%
Squander Scatter
13%
Flare Flair
9%
No matching quizzes found
Score Distribution
Percent of People with Each Score
Percentile by Number Answered
Your Score History
You have not taken this quiz